|
|
|
|
| LEADER |
00000nab a2200000 a 4500 |
| 001 |
vtls009311657 |
| 003 |
SK-MaSNL |
| 005 |
20260426105227.0 |
| 008 |
250506c2007 xo |||||||||||000 b|slo |
| 015 |
|
|
|a SNBRB2008/07
|2 snkbucl
|
| 035 |
|
|
|a (uuid)c92a8443-ba0d-48f5-9f67-ff139189b1c5
|
| 035 |
|
|
|a urn:nbn:sk:snk-ab1f6q
|
| 035 |
|
|
|a (urnnbn)urn:nbn:sk:snk:ar-0034s8
|
| 038 |
|
|
|a SNKBUCL
|
| 040 |
|
|
|a SNKBUCL
|b slo
|c SNKBUCL
|e AACR2
|
| 041 |
0 |
|
|a slo
|
| 044 |
|
|
|a xo
|c SK
|
| 080 |
|
|
|a 658.012.65.011.8:004:658.711
|x (437.6)
|2 2001
|
| 080 |
|
|
|a 005.591.43
|2 2001
|
| 080 |
|
|
|a 004
|2 2001
|
| 080 |
|
|
|a 658.711
|2 2001
|
| 245 |
0 |
0 |
|a Výhody outsourcingu z pohľadu dodávateľa
|c Karol Michaliak
|
| 300 |
|
|
|b Fotogr.
|
| 650 |
0 |
7 |
|a outsourcing
|2 SNKPH
|9 15893
|
| 650 |
0 |
7 |
|a dodávatelia
|2 snkbucl
|9 2072
|
| 650 |
0 |
7 |
|a informačné technológie
|2 SNKPH
|9 1527
|
| 651 |
|
7 |
|a Slovensko
|2 snkbucl
|9 14231
|
| 700 |
1 |
|
|a Michaliak, Karol
|4 aut
|9 1509398
|
| 773 |
0 |
|
|t Infoware
|g Č. 4 (2007), s. 18
|x 1335-4787
|
| 850 |
|
|
|a Slovenská národná knižnica
|
| 852 |
|
|
|a Slovenská národná knižnica
|
| 954 |
|
|
|a odborná, vedecká literatúra pôvodná (slovenská)
|2 lita
|
| 958 |
|
|
|a article2022
|
| 958 |
|
|
|a SK
|
| 958 |
|
|
|a OND
|
| 958 |
|
|
|a EUIPO
|
| 999 |
|
|
|c 3345413
|d 3347343
|